000 00418nam a2200145Ia 4500
008 220217s9999||||xx |||||||||||||| ||und||
020 _a81-7366-182-0
082 _a005.13 BRO
100 _aBrown, Simon Burdick, Rabert& Falkner, Jayson
_92747
245 0 _aProfessional JSP
250 _a2nd
260 _aShroff publishers and distributors
_bMumbai
_c2000
300 _b675
650 _aPROGRAMMING LANGUAGE
999 _c169912
_d169912